Grow Younger Live Longer (Record no. 15295)
[ view plain ]
| 000 -LEADER | |
|---|---|
| fixed length control field | 003390000a22001450004500 |
| 001 - CONTROL NUMBER | |
| control field | 003394 |
| 003 - CONTROL NUMBER IDENTIFIER | |
| control field | MACL |
| 040 ## - CATALOGING SOURCE | |
| Original cataloging agency | MACL |
| 090 ## - LOCALLY ASSIGNED LC-TYPE CALL NUMBER (OCLC); LOCAL CALL NUMBER (RLIN) | |
| -- | 15387 |
| -- | 15386 |
| 100 ## - MAIN ENTRY--PERSONAL NAME | |
| Personal name | Chopra, Deepak |
| 245 ## - TITLE STATEMENT | |
| Title | Grow Younger Live Longer |
| Remainder of title | Ten Steps To Reverse Ageing |
| Statement of responsibility, etc. | Deepak Chopra |
| 260 ## - PUBLICATION, DISTRIBUTION, ETC. (IMPRINT) | |
| Place of publication, distribution, etc. | Rider, |
| Date of publication, distribution, etc. | 2001 |
| 650 ## - SUBJECT ADDED ENTRY--TOPICAL TERM | |
| Topical term or geographic name as entry element | Psychology |
| 942 ## - ADDED ENTRY ELEMENTS (KOHA) | |
| Call number prefix | 150 |
| Koha item type | Library Membar |
| Withdrawn status | Lost status | Source of classification or shelving scheme | Damaged status | Not for loan | Home library | Current library | Date acquired | Total Checkouts | Total Renewals | Full call number | Barcode | Date last seen | Date last checked out | Uniform Resource Identifier | Price effective from | Koha item type |
|---|---|---|---|---|---|---|---|---|---|---|---|---|---|---|---|---|
| MACL | MACL | 29/04/2015 | 6 | 150 CHA | CRE016985 | 02/05/2024 | 11/10/2022 | 15189 | 15/04/2015 | Books |









